Detalles MARC
| 000 -LÍDER |
| Campo fijo de descripción fija |
02822aam a2200373 i 4500 |
| 001 - NÚMERO DE CONTROL |
| Campo de control |
768714001 |
| 003 - IDENTIFICADOR DEL NÚMERO DE CONTROL |
| Campo de control |
CO-MdFUSB |
| 005 - FECHA Y HORA DE LA ULTIMA TRANSACCIÓN |
| control field |
20241202172844.0 |
| 007 - CAMPO FIJO DE DESCRIPCIÓN FIJA--INFORMACIÓN GENERAL |
| Campo fijo de descripción fija |
ta |
| 008 - ELEMENTOS DE LONGITUD FIJA -- INFORMACIÓN GENERAL |
| Campo fijo de descripción fija -- Información general |
231031t20062006spaa||ag |||| 00| 0 spa d |
| 020 ## - NÚMERO INTERNACIONAL NORMALIZADO PARA LIBROS |
| Número Internacional Normalizado del libro |
8484567192 |
| 040 ## - FUENTE DE CATALOGACIÓN |
| Agencia de catalogación original |
CO-MdFUSB |
| Idioma de catalogación |
spa |
| Agencia que realiza la transcripción |
CO-MdFUSB |
| Agencia que realiza la modificación |
CO-MdFUSBC |
| Convenciones de la descripción |
rda |
| 041 ## - CÓDIGO DE IDIOMA |
| Código de idioma para texto/pista de sonido o título separado |
spa |
| 082 ## - NÚMERO DE CLASIFICACIÓN DECIMAL DEWEY |
| Número de la edición del Dewey |
23 |
| Número de clasificación |
940.1 |
| Clave de autor-Numero de item |
J82 |
| 100 ## - ASIENTO PRINCIPAL--NOMBRE PERSONAL |
| Nombre personal |
Jornet i Benito, Núria, |
| 245 #4 - TÍTULO |
| Título del Material |
Las relaciones en la historia de la Europa medieval |
| Mención de responsabilidad, etc. |
/ Núria Jornet i Benito , Teresa Vinyoles Vidal , Maria- Milagros Rivera Garretas , Blanca Garí , María del Carmen García Herrero , M. Elisa Varela Rodríguez |
| 264 #1 - PRODUCCIÓN, PUBLICACIÓN, DISTRIBUCIÓN, MANUFACTURA, Y COPYRIGHT |
| Lugar de producción, publicación, distribución, manufactura |
Valencia, España : |
| Nombre del productor, publicador, distribuidor |
Tirant Lo Blanch, |
| Fecha de producción, publicación, distribución, manufactura, o copyright |
[2006] |
| 264 #4 - PRODUCCIÓN, PUBLICACIÓN, DISTRIBUCIÓN, MANUFACTURA, Y COPYRIGHT |
| Fecha de producción, publicación, distribución, manufactura, o copyright |
©2006 |
| 300 ## - DESCRIPCIÓN FÍSICA |
| Extensión |
493 páginas |
| Dimensiones |
; 22 cm |
| Material acompañante |
Incluye CD |
| 336 ## - CONTENT TYPE |
| Source |
rdacontent |
| Content type term |
texto |
| Content type code |
txt |
| 337 ## - MEDIA TYPE |
| Source |
rdamedia |
| Media type term |
sin mediación |
| Media type code |
n |
| 338 ## - CARRIER TYPE |
| Source |
rdacarrier |
| Carrier type term |
volumen |
| Carrier type code |
nc |
| 490 ## - MENCIÓN DE SERIE |
| Mención de serie |
Colección crónica |
| 505 ## - NOTA DE CONTENIDO |
| Título |
La relación con los recuerdos: la autoridad y el poder de la memoria: |
| Nota de contenido con formato preestablecido |
El poder de la memoria -- La autoridad de la memoria -- Laboratorio de escritura de historia, de critica historiográfica y de dialogo entre el presente y el pasado -- Textos |
| Título |
Una tierra para vivir: |
| Nota de contenido con formato preestablecido |
Movimientos de pueblos. -- Disfrutar la tierra. -- El espacio doméstico. -- Laboratorio de escritura de historia, de crítica historiográfica y de diálogo entre el presente y el pasado. -- Textos |
| Título |
La política sexual: |
| Nota de contenido con formato preestablecido |
La política sexual, fundamento de la política -- La libertad y la opresión sexual -- La fidelidad al amor -- Laboratorio de escritura de historia, de critica historiográfica y de dialogo entre el presente y el pasado |
| Título |
La vida del espíritu: |
| Nota de contenido con formato preestablecido |
El encuentro con la pobreza -- El encuentro con Dios hecho palabra -- Pasión y devoción: arte, literatura y performance -- Ortodoxia y heterodoxia: una relación en movimiento -- Laboratorio de escritura de historia, de crítica historiográfica y de diálogo entre el presente y el pasado |
| Título |
Las relaciones económicas: |
| Nota de contenido con formato preestablecido |
Pesar, contar y medir -- El mundo urbano -- Las relaciones comerciales -- Las relaciones con el dinero -- Laboratorio de escritura de historia, de crítica historiográfica y de diálogo entre el presente y el pasado. |
| Título |
La oralidad, la cultura escrita y el aprendizaje: |
| Nota de contenido con formato preestablecido |
La oralidad -- La escritura -- Aprender a aprender -- Laboratorio de escritura de historia, de critica historiográfica y de dialogo entre el presente y el pasado. |
| 700 ## - ASIENTO SECUNDARIO - NOMBRE PERSONAL |
| 9 (RLIN) |
8940 |
| Nombre personal |
Jornet i Benito, Núria, |
| Responsabilidad |
autor |
| 700 ## - ASIENTO SECUNDARIO - NOMBRE PERSONAL |
| 9 (RLIN) |
8942 |
| Nombre personal |
Vinyoles Vidal, Teresa, |
| Responsabilidad |
autor |
| 700 ## - ASIENTO SECUNDARIO - NOMBRE PERSONAL |
| 9 (RLIN) |
8943 |
| Nombre personal |
Rivera Garretas, María- Milagros, |
| Responsabilidad |
autor |
| 700 ## - ASIENTO SECUNDARIO - NOMBRE PERSONAL |
| 9 (RLIN) |
8944 |
| Nombre personal |
Garí, Blanca, |
| Responsabilidad |
autor |
| 700 ## - ASIENTO SECUNDARIO - NOMBRE PERSONAL |
| 9 (RLIN) |
8945 |
| Nombre personal |
García Herrero, María del Carmen, |
| Responsabilidad |
autor |
| 700 ## - ASIENTO SECUNDARIO - NOMBRE PERSONAL |
| 9 (RLIN) |
8946 |
| Nombre personal |
Varela Rodríguez, M. Elisa, |
| Responsabilidad |
autor |
| 942 ## - TIPO DE MATERIAL (KOHA) |
| Tipo de Item KOHA |
Libros General |
| 945 ## - LOCAL PROCESSING INFORMATION (OCLC) |
| a |
sor1564 |